Statistics for A Level PE - The Neuromuscular System

Click here to take the quiz!

General Stats

  • This quiz has been taken 131 times
    (130 since last reset)
  • The average score is 7 of 15

Answer Stats

DefinitionKeyword% Correct
A motor neurone and its muscle fibresMotor unit
82%
Muscle fibres with a slow contraction speed and better adapted to lower intensity exercise EG long distance runningSlow oxidative
71%
Muscle fibres that fatigue quickly and used for highly explosive events EG 100mFast glycolytic
57%
When the strength of a contraction changes by altering the number and size of the muscle's motor unitsSpatial summation
53%
Where a sequence of impulses has to be of sufficient intensity to stimulate all of the muscle fibres in a motor unit in order for them to contract. If not, none of them contractAll or none law
50%
Where there is a repeated nerve impulse with no time to relax so a smooth, sustained contraction occurs, rather than twitchesWave summation
50%
When there is tension in a muscle but no visible movementIsometric contraction
44%
These detect how far and how fast a muscle is being stretched and produce the stretch reflexMuscle spindles
44%
A sustained muscle contraction caused by a series of fast repeating stimuliTetanic contraction
41%
Muscle fibres more resistant to fatigue and used where longer bursts of energy are needed EG 1500mFast oxidative glycolytic
40%
Where the motor neurone and the muscle fibre meetNeuromuscular junction
40%
These are activated when there is tension in a muscleGolgi tendon organs
29%
Where there is a sudden relaxation of the muscle in response to high tensionAutogenic inhibition
25%
Nerve cells which transmit the brain's instructions as electrical impulses to the musclesMotor neurones
25%
Stretch -> Contraction -> Relax -> StretchProprioceptive Neuromuscluar Facilitation
1%

Score Distribution

Percentile by Number Answered

Percent of People with Each Score

Your Score History

You have not taken this quiz since the last reset